To authorize the purchase by the City of Scappoose, Oreg., of a certain tract of public land revested in the United States under the Act of June 9, 1916 (39 stat. 218).

Bibliographic Details
Corporate Authors: United States. Congress. House. Committee on Public Lands, ProQuest (Firm)
Format: eBook
Language:English
Published: Washington : [publisher not identified], 1936.
Series:United States congressional serial set.
Subjects:
Online Access:Connect to the full text of this electronic book

MARC

Tag First Indicator Second Indicator Subfields
LEADER 00000cam a22000001a 4500
001 in00003120421
005 20190402203135.0
006 m o d
007 cr un mmmapmmp
008 080103s1936 dcu o f000 0 eng d
035 |a cis2004196465 
040 |a UMI  |c UMI  |d UtOrBLW 
043 |a n-us--- 
099 |a ProQuest Serial Set Number 9992 H.rp.2210 
110 1 |a United States.  |b Congress.  |b House.  |b Committee on Public Lands. 
245 1 0 |a To authorize the purchase by the City of Scappoose, Oreg., of a certain tract of public land revested in the United States under the Act of June 9, 1916 (39 stat. 218). 
246 1 |a Authorize purchase by Scappoose, Oregon, of public land revested in United States under act of June 9, 1916 
264 1 |a Washington :  |b [publisher not identified],  |c 1936. 
300 |a 1 online resource. 
336 |a text  |b txt  |2 rdacontent 
337 |a computer  |b c  |2 rdamedia 
338 |a online resource  |b cr  |2 rdacarrier 
490 0 |a H.rp.2210 
500 |a Record is based on bibliographic data in ProQuest U.S. Serial Set Digital Collection (last viewed Jan. 2008). Reuse except for individual research requires license from ProQuest, LLC. 
510 3 |a ProQuest U.S. Serial Set Digital Collection 
500 |a Electronic resource. 
650 0 |a Federal aid. 
650 0 |a Public lands. 
651 0 |a Scappoose (Or.) 
655 7 |a Electronic books.  |2 local 
710 2 |a ProQuest (Firm) 
830 0 |a United States congressional serial set. 
856 4 0 |u http://proxy.library.tamu.edu/login?url=http://congressional.proquest.com/congcomp/getdoc?SERIAL-SET-ID=9992+H.rp.2210  |z Connect to the full text of this electronic book  |t 0 
999 |a MARS 
999 f f |s d6ac42af-0a1e-3148-8ca9-e6f9ff095e64  |i f0591fc3-5796-327d-9dd2-fb173bf0edf0  |t 0 
952 f f |a Texas A&M University  |b College Station  |c Electronic Resources  |d Available Online  |t 0  |e ProQuest Serial Set Number 9992 H.rp.2210  |h Other scheme 
998 f f |a ProQuest Serial Set Number 9992 H.rp.2210  |t 0  |l Available Online